00498nam a2200169Ia 450000500170000000800410001708200130005810000150007124500510008626000260013730000160016365000160017965000170019594200060021295200950021899900150031320250522033635.0240331s9999 xx 000 0 und d a301bMAL aMallika, A 0aPenniya kuralathivum dalit penniya udalmoliyum aChennaibKaavyac2002 aix, 86 p ., aDalit Women aUdal mozlium cL 001040708LaWERCLbWERCLcSSCd2024-03-31l0o 301 MALp4970r2024-03-31w2024-03-31yL c1034d1034